000 00472nam a2200169Ia 4500
008 230917s9999||||xx |||||||||||||| ||und||
020 _cRS500
040 _e237712
_aMAIN
041 _aEnglish
082 _a381.410954166 Z76A
100 _aZorema, James
245 0 _aAgricultural marketing and economic development
260 _aNew Delhi
_bMittal Publications
_c2012
300 _a170 p.
500 _a2599 03/02/2017 MPUB17/32 14/02/2017 Main Budget
942 _cBK
999 _c21237
_d21237